[Event "BPB Limburg open B"]
[Site "Maastricht"]
[Date "2015.05.23"]
[Round "2"]
[White "Veldhuysen, Klaas"]
[Black "De Feijter, Bas"]
[Result "0-1"]
[WhiteElo "1959"]
[BlackElo "2007"]
[PlyCount "78"]
[EventDate "2015.05.22"]
[EventType "swiss"]
[EventRounds "7"]
[EventCountry "NED"]
[Source "P.Boonen"]
[SourceDate "2015.10.01"]

1. e4 c5 2. Nf3 e6 3. d4 cxd4 4. Nxd4 a6 5. g3 Qc7 6. Bg2 Nf6 7. O-O Nc6 8. Be3
h5 9. h3 e5 10. Ne2 d6 11. Nbc3 b5 12. a4 b4 13. Nd5 Nxd5 14. exd5 Na5 15. b3
Bf5 16. Rc1 Qd7 17. Kh2 Rc8 18. Bb6 Nb7 19. Qd2 Be7 20. Qxb4 Bxc2 21. a5 O-O
22. Nc3 Bg6 23. Rfd1 Nc5 24. Bxc5 Rxc5 25. Ne4 Rb5 26. Qa4 Qb7 27. Rc4 Rxb3 28.
Rdc1 Bxe4 29. Bxe4 Qb5 30. Qxb5 Rxb5 31. Rc7 Bd8 32. Rd7 Bxa5 33. Rc6 Rb2 34.
Kg1 Bb4 35. Rxa6 Bc5 36. Rc6 Bxf2+ 37. Kg2 Bc5+ 38. Kf1 g6 39. Rcc7 Ra8 0-1

[Event "BPB Limburg open B"]
[Site "Maastricht"]
[Date "2015.05.23"]
[Round "2"]
[White "Verhoef, Ruud"]
[Black "Van Houtte, Randy"]
[Result "1/2-1/2"]
[WhiteElo "1897"]
[BlackElo "1956"]
[PlyCount "87"]
[EventDate "2015.05.22"]
[EventType "swiss"]
[EventRounds "7"]
[EventCountry "NED"]
[Source "P.Boonen"]
[SourceDate "2015.10.01"]

1. e4 g6 2. d4 Bg7 3. Nf3 d6 4. Nc3 Bg4 5. Be3 Nf6 6. h3 Bxf3 7. Qxf3 Nc6 8.
O-O-O O-O 9. e5 Nd7 10. exd6 exd6 11. h4 h6 12. h5 g5 13. Bd3 Re8 14. Ne2 Nf8
15. c3 d5 16. Ng3 Ne7 17. Bxg5 Ne6 18. Bxe7 Qxe7 19. Nf5 Qg5+ 20. Kb1 Nf4 21.
Nxg7 Kxg7 22. g3 Nxd3 23. Rxd3 Re4 24. Re3 Rae8 25. Rhe1 f5 26. Kc2 b6 27. Rxe4
fxe4 28. Qf4 Qxf4 29. gxf4 Kf6 30. Rg1 Kf5 31. Kd2 Kxf4 32. Rg6 Rf8 33. Ke2 Rh8
34. Rg7 Rc8 35. Rg6 Rh8 36. b4 Rh7 37. b5 Rh8 38. Rg7 Rc8 39. Rg6 Rh8 40. Rg7
Rc8 41. Rg6 Rh8 42. a3 Rh7 43. Rg8 Rd7 44. Rg6 1/2-1/2

[Event "BPB Limburg open B"]
[Site "Maastricht"]
[Date "2015.05.23"]
[Round "2"]
[White "Willen, Ronny"]
[Black "Dardha, Daniel"]
[Result "1-0"]
[WhiteElo "1873"]
[BlackElo "1874"]
[PlyCount "85"]
[EventDate "2015.05.22"]
[EventType "swiss"]
[EventRounds "7"]
[EventCountry "NED"]
[Source "P.Boonen"]
[SourceDate "2015.10.01"]

1. e4 c5 2. Nf3 Nc6 3. d4 cxd4 4. Nxd4 e5 5. Nb5 d6 6. N1c3 a6 7. Na3 b5 8. Nd5
Nf6 9. Bg5 Be7 10. Nxe7 Nxe7 11. Bd3 d5 12. exd5 Qxd5 13. Bf1 Qe6 14. c4 b4 15.
Nc2 Ne4 16. Be3 a5 17. Be2 Bb7 18. O-O Rd8 19. Qc1 Qg6 20. f3 Nf6 21. Bb6 Ra8
22. Rd1 Nh5 23. Be3 Nf5 24. Qd2 O-O 25. Bd3 Rad8 26. Bxf5 Qxf5 27. Qxd8 Qxc2
28. Bc5 h6 29. Qxf8+ Kh7 30. Rac1 Qg6 31. Qd6 f6 32. Qd3 e4 33. Qc2 f5 34. Rd6
Qg5 35. Qd2 f4 36. Rd5 Qg6 37. fxe4 Nf6 38. Qxf4 Nxd5 39. cxd5 Bc8 40. Bd4 Bh3
41. g3 Qh5 42. Qe5 Qg4 43. Qf5+ 1-0

[Event "BPB Limburg open B"]
[Site "Maastricht"]
[Date "2015.05.23"]
[Round "2"]
[White "Willockx, Ritsaart"]
[Black "Alexopoulos, Spiros"]
[Result "1/2-1/2"]
[WhiteElo "1908"]
[BlackElo "1953"]
[PlyCount "75"]
[EventDate "2015.05.22"]
[EventType "swiss"]
[EventRounds "7"]
[EventCountry "NED"]
[Source "P.Boonen"]
[SourceDate "2015.10.01"]

1. b3 Nf6 2. Bb2 c5 3. e3 d6 4. Bb5+ Bd7 5. Bxd7+ Nbxd7 6. f4 e5 7. Ne2 Ng4 8.
O-O Qh4 9. h3 h5 10. Qe1 Qxe1 11. Rxe1 Ngf6 12. Nbc3 O-O-O 13. Ng3 exf4 14.
exf4 d5 15. Nf5 a6 16. Ne7+ Bxe7 17. Rxe7 d4 18. Ne4 Nxe4 19. Rxe4 Rde8 20.
Rae1 Kd8 21. Kf2 Rxe4 22. Rxe4 Re8 23. Kf3 f5 24. Rxe8+ Kxe8 25. c3 dxc3 26.
Bxc3 Kf7 27. d4 cxd4 28. Bxd4 Nf6 29. Bxf6 Kxf6 30. Ke3 Ke6 31. Kd4 Kd6 32. h4
b6 33. b4 Ke6 34. a4 Kd6 35. Kc4 Kc6 36. b5+ axb5+ 37. axb5+ Kd6 38. Kd4
1/2-1/2

[Event "BPB Limburg open B"]
[Site "Maastricht"]
[Date "2015.05.23"]
[Round "2"]
[White "Wlogalski, Olivier"]
[Black "Perdomo Araujo, Angel Eduardo"]
[Result "0-1"]
[WhiteElo "1892"]
[BlackElo "1979"]
[PlyCount "53"]
[EventDate "2015.05.22"]
[EventType "swiss"]
[EventRounds "7"]
[EventCountry "NED"]
[Source "P.Boonen"]
[SourceDate "2015.10.01"]

1. d4 d5 2. c4 e6 3. Nc3 Nf6 4. cxd5 exd5 5. Bg5 Be7 6. Qc2 O-O 7. e3 h6 8.
Bxf6 Bxf6 9. Bd3 Re8 10. Nge2 Nc6 11. a3 Ne7 12. O-O c6 13. Na4 Qd6 14. b4 Bd7
15. Nc5 b6 16. Nxd7 Qxd7 17. Rfc1 Rac8 18. Rab1 Rc7 19. a4 Qd6 20. Qb3 g6 21.
Rc2 c5 22. bxc5 bxc5 23. dxc5 Rxc5 24. Rxc5 Qxc5 25. Rc1 Qd6 26. Qb7 Qa3 27.
Bb5 {.....} 0-1

[Event "BPB Limburg open B"]
[Site "Maastricht"]
[Date "2015.05.23"]
[Round "2"]
[White "Zatyko, Ferry"]
[Black "Wedda, Dries"]
[Result "0-1"]
[WhiteElo "1777"]
[BlackElo "1674"]
[PlyCount "52"]
[EventDate "2015.05.22"]
[EventType "swiss"]
[EventRounds "7"]
[EventCountry "NED"]
[Source "P.Boonen"]
[SourceDate "2015.10.01"]

1. e4 c5 2. Nc3 Nc6 3. g3 g6 4. Bg2 Bg7 5. Nge2 e6 6. O-O d6 7. d3 Nh6 8. Be3
O-O 9. h3 f5 10. Qd2 Nf7 11. Rab1 Bd7 12. exf5 gxf5 13. d4 cxd4 14. Nxd4 a6 15.
f4 Rc8 16. Nce2 d5 17. Nxc6 Bxc6 18. Bd4 Bb5 19. Rfe1 Bxe2 20. Rxe2 Re8 21.
Rbe1 Bxd4+ 22. Qxd4 Rc4 23. Qa7 Qd7 24. c3 Nd6 25. Bxd5 exd5 26. Rxe8+ Nxe8 0-1

[Event "BPB Limburg open B"]
[Site "Maastricht"]
[Date "2015.05.23"]
[Round "2"]
[White "Zyla, Lennert"]
[Black "Eveleens, Ed"]
[Result "1/2-1/2"]
[WhiteElo "1805"]
[BlackElo "1777"]
[PlyCount "139"]
[EventDate "2015.05.22"]
[EventType "swiss"]
[EventRounds "7"]
[EventCountry "NED"]
[Source "P.Boonen"]
[SourceDate "2015.10.01"]

1. e4 d5 2. exd5 Qxd5 3. Nc3 Qd6 4. d4 Nf6 5. Nf3 c6 6. h3 Bf5 7. Bd3 Bg6 8.
O-O Nbd7 9. Re1 e6 10. Be3 Qc7 11. Qd2 Bd6 12. a3 Nb6 13. b4 Nbd5 14. Nxd5 Nxd5
15. c4 Nxe3 16. Qxe3 Bxd3 17. Qxd3 O-O 18. Re4 Be7 19. Rae1 Rad8 20. Qe3 Bf6
21. g4 g6 22. g5 Bg7 23. Nh2 a6 24. Ng4 f5 25. gxf6 Bxf6 26. Nxf6+ Rxf6 27.
Rxe6 Rxe6 28. Qxe6+ Qf7 29. Qxf7+ Kxf7 30. Re4 b6 31. f4 b5 32. c5 a5 33. Kg2
axb4 34. axb4 Ra8 35. Kf3 Ra4 36. d5 cxd5 37. Rd4 Ke6 38. Ke2 Ra2+ 39. Rd2 Ra3
40. Rd3 Ra2+ 41. Ke3 Rc2 42. Ra3 Rc4 43. Ra6+ Kf5 44. Rd6 Rxb4 45. Rxd5+ Ke6
46. Rd6+ Ke7 47. Rd4 Rb3+ 48. Ke4 Rxh3 49. c6 Rh5 50. Rd7+ Ke6 51. Rb7 Kd6 52.
c7 Kd7 53. f5 Rxf5 54. c8=Q+ Kxc8 55. Rxh7 b4 56. Rg7 Rf6 57. Kd4 b3 58. Kc3
Rb6 59. Kb2 Kd8 60. Ra7 Ke8 61. Rc7 Rb5 62. Rg7 g5 63. Ra7 Kf8 64. Rc7 Rb4 65.
Ra7 g4 66. Rd7 Ke8 67. Rg7 Kf8 68. Rd7 Ke8 69. Rg7 Kf8 70. Rd7 1/2-1/2

[Event "BPB Limburg open B"]
[Site "Maastricht"]
[Date "2015.05.23"]
[Round "3"]
[White "Alexopoulos, Spiros"]
[Black "Oostvogels, Niek"]
[Result "1/2-1/2"]
[WhiteElo "1953"]
[BlackElo "1888"]
[PlyCount "92"]
[EventDate "2015.05.22"]
[EventType "swiss"]
[EventRounds "7"]
[EventCountry "NED"]
[Source "P.Boonen"]
[SourceDate "2015.10.01"]

1. c4 Nf6 2. Nc3 e6 3. e4 Nc6 4. g3 d5 5. cxd5 exd5 6. exd5 Nxd5 7. Nxd5 Qxd5
8. Qf3 Qxf3 9. Nxf3 Nb4 10. Kd1 Bf5 11. Nd4 Bd3 12. a3 O-O-O 13. axb4 Bxf1 14.
Rxf1 Rxd4 15. Rxa7 Kb8 16. Ra2 Bxb4 17. Re1 Rhd8 18. Re2 c6 19. b3 Rd3 20. Re3
Bc5 21. Rxd3 Rxd3 22. Ke2 Rxb3 23. d3 Bd4 24. Bf4+ Kc8 25. Ra8+ Kd7 26. Be3
Rb2+ 27. Kf3 Bxe3 28. Kxe3 h5 29. Rg8 g6 30. h4 b5 31. Rb8 Rc2 32. d4 Ke6 33.
f3 Ra2 34. Ke4 Re2+ 35. Kd3 Rg2 36. Ke4 Rxg3 37. Rb6 f5+ 38. Kf4 Rh3 39. Rxc6+
Kd5 40. Rc5+ Kxd4 41. Rxb5 Rxh4+ 42. Kg5 Rh3 43. Kxg6 f4 44. Rb3 Kc4 45. Ra3
Kb4 46. Rd3 Kc4 1/2-1/2

[Event "BPB Limburg open B"]
[Site "Maastricht"]
[Date "2015.05.23"]
[Round "3"]
[White "Behr, Rene"]
[Black "Van Dongen, Eric"]
[Result "1/2-1/2"]
[WhiteElo "1881"]
[BlackElo "1813"]
[PlyCount "92"]
[EventDate "2015.05.22"]
[EventType "swiss"]
[EventRounds "7"]
[EventCountry "NED"]
[Source "P.Boonen"]
[SourceDate "2015.10.01"]

1. c4 Nf6 2. g3 g6 3. Nc3 e5 4. Bg2 Bg7 5. d3 O-O 6. e4 c5 7. Nge2 Nc6 8. O-O
d6 9. h3 h6 10. Be3 Nd4 11. f4 Nxe2+ 12. Nxe2 Qe7 13. Qd2 Kh7 14. Rab1 Bd7 15.
a3 a5 16. fxe5 dxe5 17. b4 axb4 18. axb4 cxb4 19. Rxb4 Bc6 20. Rfb1 Ra4 21.
Rxa4 Bxa4 22. Nc3 Bc6 23. Nd5 Qe6 24. Kh2 Nd7 25. Bf3 f5 26. exf5 gxf5 27. Qg2
Nf6 28. Nxf6+ Rxf6 29. Bxc6 bxc6 30. Qc2 Rf7 31. Rf1 Qg6 32. Bd2 Rd7 33. Bc3 f4
34. Rf3 e4 35. dxe4 Bxc3 36. Rxc3 Rf7 37. e5 fxg3+ 38. Kg2 Qxc2+ 39. Rxc2 Re7
40. Re2 Kg6 41. Kxg3 Kf5 42. Kh4 Rxe5 43. Rxe5+ Kxe5 44. Kh5 Kd4 45. Kxh6 Kxc4
46. Kg6 Kb3 1/2-1/2

[Event "BPB Limburg open B"]
[Site "Maastricht"]
[Date "2015.05.23"]
[Round "3"]
[White "Bishoen, B."]
[Black "Peeters, Joep"]
[Result "1-0"]
[WhiteElo "1932"]
[BlackElo "1782"]
[PlyCount "53"]
[EventDate "2015.05.22"]
[EventType "swiss"]
[EventRounds "7"]
[EventCountry "NED"]
[Source "P.Boonen"]
[SourceDate "2015.10.01"]

1. c4 e5 2. g3 Nc6 3. Bg2 d6 4. d3 g6 5. Nf3 Bg7 6. O-O Nf6 7. Nbd2 O-O 8. a3
a5 9. Ra2 h6 10. b3 Be6 11. Bb2 Qd7 12. d4 exd4 13. Nxd4 Nxd4 14. Bxd4 c5 15.
Bc3 Bh3 16. Qa1 Bxg2 17. Kxg2 Nh5 18. Rd1 d5 19. Bxg7 Nxg7 20. Ne4 Nh5 21. Rxd5
Qc6 22. f3 b6 23. Rxh5 f5 24. Rxh6 fxe4 25. Qh8+ Kf7 26. Qh7+ Ke8 27. Qxg6+ 1-0

[Event "BPB Limburg open B"]
[Site "Maastricht"]
[Date "2015.05.23"]
[Round "3"]
[White "Blijlevens, Pim"]
[Black "Tamminga, Meile"]
[Result "1-0"]
[WhiteElo "1943"]
[BlackElo "1825"]
[PlyCount "55"]
[EventDate "2015.05.22"]
[EventType "swiss"]
[EventRounds "7"]
[EventCountry "NED"]
[Source "P.Boonen"]
[SourceDate "2015.10.01"]

1. d4 f5 2. e4 fxe4 3. Nc3 Nf6 4. f3 d5 5. fxe4 dxe4 6. Bg5 Bf5 7. Nge2 e6 8.
Ng3 Be7 9. Bc4 Nc6 10. Bxf6 Bxf6 11. d5 Bxc3+ 12. bxc3 Ne5 13. dxe6 Bg4 14. Qd5
Qxd5 15. Bxd5 c6 16. Bb3 e3 17. h3 O-O-O 18. hxg4 Rd2 19. O-O Re8 20. Ne4 Rdd8
21. Rf4 b6 22. Re1 c5 23. Rxe3 c4 24. Ba4 Rxe6 25. Nf2 Rd5 26. Rxc4+ Nxc4 27.
Rxe6 b5 28. Bxb5 1-0

[Event "BPB Limburg open B"]
[Site "Maastricht"]
[Date "2015.05.23"]
[Round "3"]
[White "Bondarchuk, Vadim"]
[Black "Van de Griend, Johan"]
[Result "1-0"]
[WhiteElo "2034"]
[BlackElo "1907"]
[PlyCount "87"]
[EventDate "2015.05.22"]
[EventType "swiss"]
[EventRounds "7"]
[EventCountry "NED"]
[Source "P.Boonen"]
[SourceDate "2015.10.01"]

1. e4 e5 2. Nf3 Nc6 3. Bb5 Bc5 4. d3 d6 5. Bg5 Nf6 6. Nc3 Bb4 7. Qd2 a6 8.
Bxc6+ bxc6 9. a3 Ba5 10. O-O h6 11. Bh4 Bg4 12. Ne1 Bb6 13. Na4 Ba7 14. Kh1 g5
15. Bg3 Nh5 16. c3 Qf6 17. Nc2 Bd7 18. b4 Ke7 19. d4 Nf4 20. Nb2 h5 21. Bxf4
gxf4 22. f3 Rhg8 23. Rad1 Rad8 24. Qe2 Bc8 25. dxe5 dxe5 26. c4 h4 27. Rxd8
Rxd8 28. c5 h3 29. g4 fxg3 30. hxg3 Rh8 31. Kh2 Rg8 32. Nc4 Qg5 33. Rg1 Be6 34.
N2e3 f6 35. Na5 Bd7 36. Nec4 Ke8 37. Qe3 Qg6 38. Qd3 Qh6 39. Ne3 Ke7 40. Rd1
Kf8 41. Qxd7 Qxe3 42. Qd8+ Kg7 43. Rd7+ Kh6 44. Qxf6+ 1-0

[Event "BPB Limburg open B"]
[Site "Maastricht"]
[Date "2015.05.23"]
[Round "3"]
[White "Boom, Harrie"]
[Black "Van Foreest, Pieter"]
[Result "1-0"]
[WhiteElo "1780"]
[BlackElo "1825"]
[PlyCount "111"]
[EventDate "2015.05.22"]
[EventType "swiss"]
[EventRounds "7"]
[EventCountry "NED"]
[Source "P.Boonen"]
[SourceDate "2015.10.01"]

1. e4 e5 2. Nf3 Nc6 3. Bb5 a6 4. Ba4 Nf6 5. O-O Nxe4 6. d4 b5 7. Bb3 d5 8. dxe5
Be6 9. c3 Bc5 10. Nbd2 Nxd2 11. Bxd2 h6 12. Qe2 O-O 13. Bc2 f5 14. Be3 Bxe3 15.
Qxe3 f4 16. Qe2 g5 17. Nd4 Nxd4 18. cxd4 g4 19. f3 g3 20. h3 Qh4 21. Rfc1 Rac8
22. Bd3 Qe7 23. Rc6 Bd7 24. Rxh6 Bf5 25. Bxf5 Rxf5 26. Rc1 c5 27. Qd3 Rg5 28.
Rf6 c4 29. Qd2 b4 30. Rxf4 a5 31. Rf6 Rg7 32. Rd6 Rd8 33. Rxd8+ Qxd8 34. a3 Qb6
35. axb4 axb4 36. Ra1 Ra7 37. Rxa7 Qxa7 38. Kf1 Qa5 39. f4 c3 40. Qc1 Qb5+ 41.
Ke1 Qd3 42. bxc3 bxc3 43. f5 Qe4+ 44. Kd1 Qxd4+ 45. Kc2 Qe4+ 46. Kxc3 Qxe5+ 47.
Kd2 Qxf5 48. Qe1 Qf4+ 49. Qe3 Qb4+ 50. Ke2 Qd6 51. Kf3 d4 52. Qg5+ Kh8 53. Qh4+
Kg7 54. Qxg3+ Qxg3+ 55. Kxg3 Kf6 56. Kf4 1-0

[Event "BPB Limburg open B"]
[Site "Maastricht"]
[Date "2015.05.23"]
[Round "3"]
[White "Bosboom, Ardin"]
[Black "Hoornstra, Hans"]
[Result "0-1"]
[WhiteElo "1839"]
[BlackElo "1955"]
[PlyCount "64"]
[EventDate "2015.05.22"]
[EventType "swiss"]
[EventRounds "7"]
[EventCountry "NED"]
[Source "P.Boonen"]
[SourceDate "2015.10.01"]

1. d4 Nf6 2. c4 e6 3. Nc3 Bb4 4. Qc2 O-O 5. e3 b6 6. Nf3 Bb7 7. Be2 d5 8. cxd5
exd5 9. O-O Re8 10. a3 Bf8 11. Ne5 Nbd7 12. f4 c5 13. Bf3 Rc8 14. Qb3 Ba6 15.
Re1 c4 16. Qc2 Nb8 17. g4 Bb7 18. g5 Nfd7 19. Nxf7 Qe7 20. Ne5 Nxe5 21. dxe5
Rcd8 22. Qg2 Qf7 23. Rd1 Bc5 24. Nxd5 Rd7 25. Kh1 Red8 26. e4 Nc6 27. Bg4 Nxe5
28. fxe5 Rxd5 29. exd5 Rxd5 30. Bd2 Rd3 31. Bc3 Bxg2+ 32. Kxg2 Qb7+ 0-1

[Event "BPB Limburg open B"]
[Site "Maastricht"]
[Date "2015.05.23"]
[Round "3"]
[White "Boschmans, Jos"]
[Black "Loose, Rob"]
[Result "0-1"]
[WhiteElo "1853"]
[BlackElo "1908"]
[PlyCount "52"]
[EventDate "2015.05.22"]
[EventType "swiss"]
[EventRounds "7"]
[EventCountry "NED"]
[Source "P.Boonen"]
[SourceDate "2015.10.01"]

1. d4 Nf6 2. c4 e6 3. Nc3 Bb4 4. Bd2 O-O 5. Nf3 d5 6. e3 Nbd7 7. Qb3 c5 8. cxd5
Bxc3 9. bxc3 exd5 10. c4 cxd4 11. Nxd4 Ne4 12. Bb4 Qf6 13. Qc2 Re8 14. cxd5
Nxf2 15. Nf5 Ne4 16. Nd4 Qh4+ 17. g3 Nxg3 18. O-O-O Nxh1 19. Be2 Qg5 20. Bd3
Nf6 21. Kb2 Bd7 22. Bc3 Qxe3 23. Rxh1 Qh3 24. Rg1 Rac8 25. Bf1 Rxc3 26. Qxc3
Qxh2+ 0-1

[Event "BPB Limburg open B"]
[Site "Maastricht"]
[Date "2015.05.23"]
[Round "3"]
[White "Brasse, Bram"]
[Black "Keetman, Sandra"]
[Result "1-0"]
[WhiteElo "1901"]
[BlackElo "1710"]
[PlyCount "63"]
[EventDate "2015.05.22"]
[EventType "swiss"]
[EventRounds "7"]
[EventCountry "NED"]
[Source "P.Boonen"]
[SourceDate "2015.10.01"]

1. d4 Nf6 2. Nf3 g6 3. Bf4 d6 4. h3 Bg7 5. Nbd2 Nc6 6. c3 O-O 7. e3 a6 8. a3
Qe8 9. Bc4 e5 10. dxe5 dxe5 11. Bh2 Bf5 12. g4 Be4 13. g5 Bxf3 14. Qxf3 Nd7 15.
h4 Nc5 16. Ne4 Qe7 17. O-O-O Na5 18. Ba2 Na4 19. Rd2 Rad8 20. Rhd1 Rxd2 21.
Rxd2 Nb6 22. Nf6+ Kh8 23. Nd5 Nxd5 24. Qxd5 Nc6 25. Qd7 Qd8 26. Qxd8 Nxd8 27.
Rd7 c6 28. Bg3 h6 29. gxh6 Bxh6 30. Bxe5+ Bg7 31. Bd6 Re8 32. Bxf7 1-0

[Event "BPB Limburg open B"]
[Site "Maastricht"]
[Date "2015.05.23"]
[Round "3"]
[White "Bulthuis, Jelle"]
[Black "Frijling, Jeroen"]
[Result "1-0"]
[WhiteElo "1852"]
[BlackElo "1836"]
[PlyCount "105"]
[EventDate "2015.05.22"]
[EventType "swiss"]
[EventRounds "7"]
[EventCountry "NED"]
[Source "P.Boonen"]
[SourceDate "2015.10.01"]

1. e4 c5 2. Nf3 Nc6 3. d4 cxd4 4. Nxd4 e5 5. Nb5 d6 6. N1c3 a6 7. Na3 Be7 8.
Nd5 Nf6 9. Be3 Nxd5 10. Qxd5 Be6 11. Qd2 d5 12. exd5 Qxd5 13. Qxd5 Bxd5 14. Nc4
O-O 15. Nb6 Rad8 16. Nxd5 Rxd5 17. Bc4 Rd7 18. c3 Bd8 19. O-O Bc7 20. Rad1 Rfd8
21. Rxd7 Rxd7 22. f3 Kf8 23. Kf2 f6 24. b4 Ke7 25. Ke2 b5 26. Bb3 Bb8 27. Bc2
g6 28. Be4 Nd8 29. Rd1 Rxd1 30. Kxd1 f5 31. Bd5 Ne6 32. Bb7 Nc7 33. Kc2 Kd7 34.
Kb3 Ne8 35. Bxa6 Kc6 36. c4 bxc4+ 37. Bxc4 Nd6 38. a4 Nxc4 39. Kxc4 e4 40. b5+
Kb7 41. fxe4 Bxh2 42. exf5 gxf5 43. a5 h5 44. a6+ Ka8 45. Kd3 Bd6 46. Ke2 f4
47. Bd4 Bc7 48. b6 Bd6 49. Kf3 Kb8 50. Bf6 Ka8 51. Bg5 Bc5 52. b7+ Ka7 53. Bxf4
1-0

[Event "BPB Limburg open B"]
[Site "Maastricht"]
[Date "2015.05.23"]
[Round "3"]
[White "Clermonts, Jeroen"]
[Black "Mitran, Anthony Cristian"]
[Result "1/2-1/2"]
[WhiteElo "1993"]
[BlackElo "1870"]
[PlyCount "34"]
[EventDate "2015.05.22"]
[EventType "swiss"]
[EventRounds "7"]
[EventCountry "NED"]
[Source "P.Boonen"]
[SourceDate "2015.10.01"]

1. d4 d5 2. Bf4 Nf6 3. e3 e6 4. Nd2 Nbd7 5. Bd3 c5 6. c3 b6 7. Ngf3 Bb7 8. O-O
Be7 9. Ne5 Nxe5 10. Bxe5 O-O 11. Qf3 Bd6 12. Qh3 g6 13. Rad1 Qe7 14. f4 Nd7 15.
Nf3 f6 16. Bxd6 Qxd6 17. Bb5 Bc6 1/2-1/2

[Event "BPB Limburg open B"]
[Site "Maastricht"]
[Date "2015.05.23"]
[Round "3"]
[White "Coenen, Bert"]
[Black "Pijlman, Rene"]
[Result "0-1"]
[WhiteElo "1846"]
[BlackElo "1956"]
[PlyCount "158"]
[EventDate "2015.05.22"]
[EventType "swiss"]
[EventRounds "7"]
[EventCountry "NED"]
[Source "P.Boonen"]
[SourceDate "2015.10.01"]

1. e4 c5 2. c3 Nf6 3. d3 Nc6 4. Nf3 Qc7 5. Nbd2 d5 6. Be2 e6 7. Qc2 b6 8. O-O
Bb7 9. Re1 Be7 10. a3 O-O 11. b3 Rfd8 12. Bb2 Rac8 13. Rac1 Qf4 14. Rcd1 Bf8
15. Bc1 Qb8 16. Qb1 a6 17. Bb2 d4 18. cxd4 cxd4 19. Qa1 e5 20. Rc1 Nd7 21. Nh4
a5 22. Bg4 Ba6 23. Bxd7 Rxd7 24. Qb1 Rdc7 25. Kf1 b5 26. Nhf3 f6 27. Ke2 Nd8
28. Qa2 Kh8 29. b4 a4 30. Rxc7 Rxc7 31. Qb1 Bc8 32. Rc1 Be6 33. Rxc7 Qxc7 34.
Qc1 Qxc1 35. Bxc1 g6 36. Nf1 Kg7 37. h4 Bd6 38. N3h2 Bf7 39. g3 Ne6 40. f3 f5
41. Nd2 Be7 42. Ndf1 f4 43. g4 Bxh4 44. Bd2 Be7 45. Bc1 Nd8 46. Bd2 Be6 47. Be1
Nc6 48. Kd1 Nb8 49. Ke2 Nd7 50. Kd1 Kh6 51. Ke2 Kg5 52. Kd1 Nf6 53. Ke2 h6 54.
Kd1 h5 55. gxh5 Kxh5 56. Ke2 g5 57. Kd1 g4 58. fxg4+ Nxg4 59. Nf3 Bf6 60. Ke2
Nh6 61. N1h2 Nf7 62. Kd1 Ng5 63. Ke2 Nxf3 64. Kxf3 Bh4 65. Bxh4 Kxh4 66. Nf1
Kh3 67. Kf2 Bb3 68. Nd2 Bc2 69. Nf3 Bxd3 70. Nxe5 Bxe4 71. Nd7 Kg4 72. Nc5 Kf5
73. Na6 Ke5 74. Nc7 Bc6 75. Na6 Kd5 76. Nc5 Kc4 77. Ne6 f3 78. Nc5 Kc3 79. Ne6
d3 0-1

[Event "BPB Limburg open B"]
[Site "Maastricht"]
[Date "2015.05.23"]
[Round "3"]
[White "Cote, Frederic"]
[Black "Decruyenaere, Robbert"]
[Result "1-0"]
[WhiteElo "1950"]
[BlackElo "1697"]
[PlyCount "65"]
[EventDate "2015.05.22"]
[EventType "swiss"]
[EventRounds "7"]
[EventCountry "NED"]
[Source "P.Boonen"]
[SourceDate "2015.10.01"]

1. d4 Nf6 2. Nf3 g6 3. Nc3 Bg7 4. e4 d6 5. Be3 O-O 6. Qd2 e5 7. h3 exd4 8. Nxd4
Re8 9. Bd3 Nbd7 10. Nde2 Ne5 11. f4 Nc6 12. O-O Qe7 13. Ng3 Be6 14. Rae1 Qd7
15. f5 gxf5 16. exf5 Bd5 17. Bg5 Nb4 18. Nxd5 Nbxd5 19. c4 Ne7 20. Bxf6 Bxf6
21. Nh5 Bd4+ 22. Kh1 Kh8 23. Qg5 Nc6 24. f6 Rg8 25. Qh6 Rg6 26. Bxg6 fxg6 27.
f7 Ne7 28. f8=Q+ Rxf8 29. Rxf8+ Ng8 30. Ree8 Qxe8 31. Rxe8 gxh5 32. Qf8 Bg7 33.
Qxg8# 1-0

[Event "BPB Limburg open B"]
[Site "Maastricht"]
[Date "2015.05.23"]
[Round "3"]
[White "Da Ces, Philippe"]
[Black "Beranek, Tomas"]
[Result "1-0"]
[WhiteElo "1976"]
[BlackElo "1803"]
[PlyCount "67"]
[EventDate "2015.05.22"]
[EventType "swiss"]
[EventRounds "7"]
[EventCountry "NED"]
[Source "P.Boonen"]
[SourceDate "2015.10.01"]

1. d4 d5 2. Nf3 c6 3. c4 Nf6 4. Qc2 e6 5. Bg5 Be7 6. e3 Nbd7 7. Nc3 O-O 8.
O-O-O dxc4 9. Bxc4 Nd5 10. Bxe7 Qxe7 11. Kb1 b6 12. Rhe1 Nb4 13. Qe4 Nf6 14.
Qh4 Nbd5 15. Ne4 Nxe4 16. Qxe4 Bb7 17. Bd3 Nf6 18. Qh4 g6 19. e4 Kg7 20. g4 Rh8
21. g5 Ng8 22. e5 h5 23. Qf4 Qd7 24. Be4 Ne7 25. Qf6+ Kg8 26. Re3 Nd5 27. Bxd5
cxd5 28. Rc1 Kh7 29. Rec3 Rhc8 30. Qf4 Rxc3 31. Rxc3 Rc8 32. Rxc8 Qxc8 33.
Qxf7+ Kh8 34. Nh4 1-0

[Event "BPB Limburg open B"]
[Site "Maastricht"]
[Date "2015.05.23"]
[Round "3"]
[White "Daamen, Roland"]
[Black "Westerweele, Henrik"]
[Result "1-0"]
[WhiteElo "2028"]
[BlackElo "1906"]
[PlyCount "83"]
[EventDate "2015.05.22"]
[EventType "swiss"]
[EventRounds "7"]
[EventCountry "NED"]
[Source "P.Boonen"]
[SourceDate "2015.10.01"]

1. e4 e6 2. d4 d5 3. Nc3 Bb4 4. e5 Ne7 5. a3 Bxc3+ 6. bxc3 c5 7. Qg4 Qc7 8.
Qxg7 Rg8 9. Qxh7 cxd4 10. Ne2 dxc3 11. f4 Nbc6 12. Qd3 d4 13. Nxd4 Nxd4 14.
Qxd4 Bd7 15. Rg1 Qc6 16. Rb1 Nf5 17. Qc4 Qa4 18. Qxa4 Bxa4 19. Bd3 Nd4 20. Kf2
O-O-O 21. Rb4 b5 22. Be3 Nc6 23. Rbb1 a6 24. g4 Rh8 25. Kg3 Nd4 26. Bxd4 Rxd4
27. Rg2 Rhd8 28. h4 Rxd3+ 29. cxd3 Rxd3+ 30. Kh2 c2 31. Rc1 Kd8 32. h5 Ke7 33.
f5 exf5 34. gxf5 Rf3 35. f6+ Ke6 36. h6 Rf5 37. Rg3 b4 38. axb4 Rf2+ 39. Kh3
Kf5 40. h7 Bd7 41. Rd3 Be6 42. Kg3 1-0

[Event "BPB Limburg open B"]
[Site "Maastricht"]
[Date "2015.05.23"]
[Round "3"]
[White "Dardha, Daniel"]
[Black "Ploumen, Ralf"]
[Result "0-1"]
[WhiteElo "1874"]
[BlackElo "1673"]
[PlyCount "78"]
[EventDate "2015.05.22"]
[EventType "swiss"]
[EventRounds "7"]
[EventCountry "NED"]
[Source "P.Boonen"]
[SourceDate "2015.10.01"]

1. e4 g6 2. d4 Bg7 3. Nc3 c5 4. Nf3 cxd4 5. Nxd4 Nc6 6. Be3 Nf6 7. Be2 O-O 8.
O-O a6 9. f4 d6 10. a4 Qc7 11. Bf3 e5 12. Nb3 exf4 13. Bxf4 Ne5 14. Qe2 Be6 15.
Bxe5 dxe5 16. Nd5 Nxd5 17. exd5 Bf5 18. Be4 Bxe4 19. Qxe4 f5 20. Qe2 e4 21.
Rab1 Rac8 22. Rfd1 Qxc2 23. Qxc2 Rxc2 24. d6 Rd8 25. Rd5 Rxb2 26. Rxb2 Bxb2 27.
Na5 Rd7 28. Nc4 Bf6 29. Nb6 Rd8 30. d7 Kf7 31. Rd6 Be5 32. Rd1 Ke6 33. a5 Bc7
34. Na4 Bxa5 35. Nc5+ Ke7 36. Nxb7 Bb6+ 37. Kh1 Rxd7 38. Rxd7+ Kxd7 39. g3 Kc7
0-1

[Event "BPB Limburg open B"]
[Site "Maastricht"]
[Date "2015.05.23"]
[Round "3"]
[White "De Boer, Bas"]
[Black "Kalle, Erwin"]
[Result "1-0"]
[WhiteElo "1763"]
[BlackElo "1744"]
[PlyCount "85"]
[EventDate "2015.05.22"]
[EventType "swiss"]
[EventRounds "7"]
[EventCountry "NED"]
[Source "P.Boonen"]
[SourceDate "2015.10.01"]

1. d4 Nf6 2. c4 g6 3. Nc3 d5 4. cxd5 Nxd5 5. Bd2 Bg7 6. e4 Nb6 7. Be3 Nc6 8.
Bb5 O-O 9. Nge2 f5 10. e5 e6 11. O-O Bd7 12. Qd2 a6 13. Bxc6 Bxc6 14. b3 Qd7
15. Bh6 Nd5 16. Bxg7 Kxg7 17. Rac1 Rad8 18. Rfd1 h6 19. Nxd5 Bxd5 20. Nf4 Bc6
21. Rc3 Qf7 22. Qe2 Kh7 23. h4 Rd7 24. Qe3 Rfd8 25. Rcd3 Kg7 26. Qg3 Kh7 27. f3
b6 28. Rc3 Bb7 29. Rdc1 Rc8 30. Qf2 g5 31. hxg5 hxg5 32. Nh3 Qe7 33. f4 g4 34.
Ng5+ Kg7 35. Rc6 Bxc6 36. Rxc6 Rh8 37. Nxe6+ Kg8 38. Qc2 Qb4 39. Rc3 Rxd4 40.
a3 Qe7 41. Nxd4 Qh4 42. Kf1 g3 43. Ne2 1-0